banner koha

Direct and indirect regeneration from Pfaffia tuberosa (Spreng.) Hicken calli and its β-ecdysone production (Registro n. 300837)

MARC details
000 -LÍDER
fixed length control field 04364nab a2200325 i 4500
003 - CÓDIGO MARC DA AGÊNCIA CATALOGADORA
Campo de controle BR-BrBNA
005 - DATA E HORA DA ÚLTIMA ATUALIZAÇÃO
Campo de controle 20240812110640.0
008 - CAMPO DE TAMANHO FIXO
fixed length control field 240812b2017 bl.qr|pooa||| 00| 0 eng |
040 ## - FONTE DA CATALOGAÇÃO
Agência catalogadora BR-BrBNA
Idioma da catalogação eng
072 ## - CATEGORIA AGRIS
Código AGRIS F02
072 ## - CATEGORIA AGRIS
Código AGRIS F60
100 ## - ENTRADA PRINCIPAL - NOME PESSOAL
Nome pessoal Flores, R.
100 ## - ENTRADA PRINCIPAL - NOME PESSOAL
Nome pessoal Maldaner, J.
100 ## - ENTRADA PRINCIPAL - NOME PESSOAL
Nome pessoal Brondani, D.
100 ## - ENTRADA PRINCIPAL - NOME PESSOAL
Nome pessoal Cezarotto, V.
100 ## - ENTRADA PRINCIPAL - NOME PESSOAL
Nome pessoal Giacomelli, S.R.
100 ## - ENTRADA PRINCIPAL - NOME PESSOAL
Nome pessoal Garlet, T.M.B.
100 ## - ENTRADA PRINCIPAL - NOME PESSOAL
Nome pessoal Nicoloso, F.T.
245 ## - TÍTULO PRINCIPAL
Título principal Direct and indirect regeneration from Pfaffia tuberosa (Spreng.) Hicken calli and its β-ecdysone production
500 ## - NOTA GERAL
Nota geral Publicação on-line; 25 ref.; 1 table; 1 illus.; Summaries (En, Pt)
942 ## - ADDED ENTRY ELEMENTS (KOHA)
Koha item type
520 ## - NOTA DE RESUMO
Nota de conteúdo <br/><br/>ABSTRACT: <br/><br/>This study aimed to establish calli from nodal segments of P. tuberosa and to<br/>evaluate the effect of plant growth regulators (PGR) on plant regeneration and production of<br/>β-ecdysone from in vitro-grown tissues. Calli were induced from nodal segments on Murashige<br/>and Skoog (MS) basal medium supplemented with 2,4-dichlorophenoxyacetic acid (2,4-D)<br/>combined with N6-benzylaminopurine (BAP). The β-ecdysone concentrations [on a dry weight<br/>(DW) basis] in in vitro grown and field-grown tissues were measured by high performance liquid<br/>chromatography. Direct regenerants (ranging from 4.0 to 75.0%) arose from sprouts present<br/>in the explants only in the medium containing 2,4-D. Maximum frequency of indirect shoot<br/>regeneration from calli (20.0%) was observed in the medium containing 2,4-D and BAP (1.0<br/>µM at each). The accumulation of β-ecdysone in the calli was associated with the presence<br/>of shoots and influenced by the concentrations of 2,4-D. Higher amounts of β-ecdysone were<br/>observed in the calli grown with 10.0 µM 2,4-D [0.516% (w/w; DW)], whose content was almost<br/>twice that found in the shoots [0.333% (w/w; DW)] from field-grown plants. Calli grown under 1.0<br/>to 5.0 µM 2,4-D presented lower β-ecdysone concentrations than those found in the shoot, but<br/>higher than those detected in the roots from field-grown plants [0.022% (w/w; DW)]. Our study<br/>is the first report on the presence of ecdysteroids in the organogenic calli of P. tuberosa, and<br/>may be useful for several biotechnological applications and/or in vitro propagation approaches.<br/><br/>Keywords: In vitro culture, ecdysteroid, Brazilian ginseng, Amaranthaceae.
520 ## - NOTA DE RESUMO
Nota de conteúdo <br/><br/>RESUMO: <br/><br/>Regeneração direta e indireta em Pfaffia tuberosa (Spreng.) Hicken e sua<br/>produção de β-ecdisona. Este estudo teve como objetivo estabelecer calos em P. tuberosa e<br/>avaliar o efeito de reguladores vegetais sobre a regeneração e a produção de β-ecdisona. Os<br/>calos foram induzidos a partir de segmentos nodais em meio de Murashige e Skoog, acrescido<br/>de 2,4-D e BAP. O teor de β-ecdisona (com base na biomassa seca), nos tecidos in vitro e<br/>em plantas a campo, foi avaliado por cromatografia liquida de alta eficiência. Observou-se<br/>regeneração direta de brotos (4 a 75%) somente nos explantes cultivados na presença do<br/>2,4-D. A maior frequência de regeneração indireta a partir dos calos (20%) foi registrada em<br/>meio com 2,4-D e BAP (1 µM de cada). O teor de β-ecdisona nos calos foi associado com<br/>a presença de brotos e influenciado pelas concentrações de 2,4-D. Maiores quantidades de<br/>β-ecdisona foram observadas nos calos cultivados com 10 µM de 2,4-D (0,516%), cujo teor foi<br/>quase duas vezes maior que o encontrado nos brotos (0,333%) das plantas a campo. Calos<br/>cultivados com concentrações de 1 a 5 µM de 2,4-D apresentaram menores teores de β-ecdisona<br/>quando comparado com aqueles encontrados nos brotos, mas maiores que o detectado nas<br/>raízes (0,022%) das plantas a campo. Este é o primeiro estudo que mostra a presença de<br/>ecdisteróides em calos organogênicos de P. tuberosa.<br/><br/>Palavras-chave: cultivo in vitro, ecdisteróides, ginseng brasileiro, Amaranthaceae.
650 ## - ASSUNTO - THESAGRO
Cabeçalho tópico ou nome geográfico CULTIVO IN VITRO
650 ## - ASSUNTO - THESAGRO
Cabeçalho tópico ou nome geográfico PLANTA MEDICINAL
650 ## - ASSUNTO - THESAGRO
Cabeçalho tópico ou nome geográfico AMARANTHACEAE
773 0# - ENTRADA ANALÍTICA
Host Biblionumber 3543
Registro do item 317119
Imprenta Botucatu-SP Instituto de Biociências - Departamento de Química e Bioquímica 1998
Outro identificador 2024-3719
Título Revista Brasileira de Plantas Medicinais (Brazil)
ISSN 1516-0572
Colação v. 19(2) p. 266-273; (2017)
Número de controle de registro BR2024002111
856 ## - ACESSO E ENDEREÇO ELETRÔNICO
Identificador uniforme de recurso - URI https://www.sbpmed.org.br/admin/files/papers/file_EZHABDH1EQYU.pdf

Nenhum exemplar disponível.

BINAGRI

Telefone: (61)3218-2567/2388/3357/2097 - binagri@agro.gov.br

Ministério da Agricultura e Pecuária , Esplanada dos Ministérios, Bloco D, Anexo B, Brasília/DF, CEP: 70.043-900